[Event "4NCL Division 1c"]
[Site "Hinckley Island ENG"]
[Date "2014.05.03"]
[Round "9.133"]
[White "Howell, David WL"]
[Black "Ghasi, Ameet K"]
[Result "1/2-1/2"]
[WhiteElo "2654"]
[BlackElo "2465"]
[PlyCount "122"]
[EventDate "2014.05.03"]
[WhiteTeam "Wood Green HK 1"]
[BlackTeam "Grantham Sharks 1"]

1. d4 g6 2. e4 d6 3. c4 Bg7 4. Nc3 a6 5. Be2 Nc6 6. Be3 e5 7. dxe5 dxe5 8.
Qxd8+ Kxd8 9. O-O-O+ Bd7 10. Nf3 Nf6 11. h3 h6 12. Rd2 Kc8 13. Rhd1 Be6 14. b3
b6 15. a3 a5 16. Kb2 Bf8 17. Bd3 Nd7 18. Bc2 Bc5 19. Na4 Be7 20. Nc3 Rb8 21.
Nd5 Bc5 22. Ra1 Ra8 23. Rdd1 Kb7 24. Kc3 Rhd8 25. b4 axb4+ 26. axb4 Bf8 27. Ba4
f5 28. Nh4 f4 29. Bd2 Bf7 30. Nf3 Bg7 31. Kb3 g5 32. Bc3 Nd4+ 33. Nxd4 exd4 34.
Bxd7 Rxa1 35. Bxa1 Rxd7 36. b5 c5 37. bxc6+ Kxc6 38. Bxd4 Bxd4 39. Rxd4 Kc5 40.
Rd2 Ra7 41. Rd1 b5 42. cxb5 Kxb5 43. Kb2 Kc5 44. Nc3 Rb7+ 45. Kc1 Kb4 46. Nd5+
Kc5 47. Nc3 Kb4 48. Nd5+ Kc5 49. Nf6 Be6 50. Ng4 Ra7 51. Kb1 Rb7+ 52. Kc1 Ra7
53. Nxh6 Ra1+ 54. Kd2 Ra2+ 55. Ke1 Bc4 56. Rd2 Ra1+ 57. Rd1 Ra2 58. Ng4 Re2+
59. Kf1 Rd2+ 60. Ke1 Re2+ 61. Kf1 Rd2+ 1/2-1/2

[Event "4NCL Division 1c"]
[Site "Hinckley Island ENG"]
[Date "2014.05.03"]
[Round "9.134"]
[White "Purton, Ben J"]
[Black "Hammer, Jon Ludvig"]
[Result "0-1"]
[WhiteElo "2145"]
[BlackElo "2647"]
[PlyCount "44"]
[EventDate "2014.05.03"]
[WhiteTeam "Grantham Sharks 1"]
[BlackTeam "Wood Green HK 1"]

1. e4 e5 2. Nf3 Nc6 3. d4 exd4 4. Nxd4 Bc5 5. Be3 Qf6 6. c3 Nge7 7. g3 d5 8.
Bg2 dxe4 9. Nd2 Bxd4 10. cxd4 Be6 11. Nxe4 Qf5 12. O-O Bd5 13. f3 O-O 14. Qa4
Rad8 15. Rfd1 Rfe8 16. Bf4 Qd7 17. Nc5 Qc8 18. Qb5 Ng6 19. Rac1 Nxf4 20. gxf4
Ne7 21. Ne4 Ng6 22. f5 Qxf5 0-1

[Event "4NCL Division 1c"]
[Site "Hinckley Island ENG"]
[Date "2014.05.03"]
[Round "9.135"]
[White "Pert, Nicholas"]
[Black "Grund, Holger"]
[Result "1-0"]
[WhiteElo "2552"]
[BlackElo "2418"]
[PlyCount "77"]
[EventDate "2014.05.03"]
[WhiteTeam "Wood Green HK 1"]
[BlackTeam "Grantham Sharks 1"]

1. d4 d5 2. c4 dxc4 3. e3 Nf6 4. Bxc4 e6 5. Nf3 c5 6. O-O a6 7. dxc5 Qxd1 8.
Rxd1 Bxc5 9. Nbd2 Nbd7 10. Be2 O-O 11. Nb3 Be7 12. Nfd4 Nc5 13. Nxc5 Bxc5 14.
Nb3 Be7 15. Bd2 Re8 16. Bc3 Nd5 17. Be5 b6 18. e4 Nf6 19. f3 Bb7 20. Bd4 Bd8
21. a4 Rc8 22. Nd2 Rc6 23. Nc4 Bc7 24. b4 e5 25. Bf2 Kf8 26. b5 axb5 27. axb5
Rce6 28. Ra7 Rb8 29. Be1 Ne8 30. Rd7 g6 31. Bb4+ Kg7 32. Ne3 Bd6 33. Bc4 Rf6
34. Bxd6 Nxd6 35. Ng4 Nxc4 36. Nxf6 Kxf6 37. Raxb7 Rxb7 38. Rxb7 Ke6 39. Kf2
1-0

[Event "4NCL Division 1c"]
[Site "Hinckley Island ENG"]
[Date "2014.05.03"]
[Round "9.136"]
[White "MacQueen, Calum"]
[Black "Rowson, Jonathan W"]
[Result "1/2-1/2"]
[WhiteElo "2230"]
[BlackElo "2569"]
[PlyCount "91"]
[EventDate "2014.05.03"]
[WhiteTeam "Grantham Sharks 1"]
[BlackTeam "Wood Green HK 1"]

1. d4 Nf6 2. c4 e6 3. Nf3 b6 4. g3 Ba6 5. b3 Bb7 6. Bg2 Bb4+ 7. Bd2 a5 8. O-O
O-O 9. Qc2 d6 10. Nc3 Nbd7 11. a3 Bxc3 12. Bxc3 Be4 13. Qb2 a4 14. Bh3 axb3 15.
Nd2 Bc6 16. Nxb3 Ra4 17. Nd2 Re8 18. Rfe1 Qa8 19. e4 Bxe4 20. Nxe4 Nxe4 21.
Rxe4 Qxe4 22. Qb5 Qc2 23. Qxd7 Raa8 24. Bb4 Qxc4 25. Rd1 Rad8 26. Qa4 Ra8 27.
Qd7 Red8 28. Qe7 Qc2 29. Bg4 c5 30. dxc5 bxc5 31. Bd2 Re8 32. Qc7 Rxa3 33. Bf4
Ra2 34. Rd2 Ra1+ 35. Kg2 Qe4+ 36. Bf3 Qe1 37. Kh3 Ra3 38. Qc6 Rf8 39. Bxd6 Qxd2
40. Bxf8 Rxf3 41. Bxc5 Rxg3+ 42. hxg3 Qd8 43. Kh2 h6 44. Qe4 Qd7 45. Be3 f6 46.
Qg6 1/2-1/2

[Event "4NCL Division 1c"]
[Site "Hinckley Island ENG"]
[Date "2014.05.03"]
[Round "9.138"]
[White "Batchelor, Peter J"]
[Black "Cramling, Pia"]
[Result "1-0"]
[WhiteElo "2157"]
[BlackElo "2507"]
[PlyCount "59"]
[EventDate "2014.05.03"]
[WhiteTeam "Grantham Sharks 1"]
[BlackTeam "Wood Green HK 1"]

1. d4 Nf6 2. c4 e6 3. Nf3 Bb4+ 4. Bd2 a5 5. g3 d5 6. Bxb4 axb4 7. Nbd2 b6 8.
Bg2 Bb7 9. O-O O-O 10. Qc2 Nbd7 11. cxd5 exd5 12. a3 bxa3 13. Rxa3 Rxa3 14.
bxa3 Re8 15. e3 c5 16. Rb1 Qa8 17. Bh3 Bc6 18. Ne5 Nxe5 19. dxe5 Nd7 20. Nf3
Nxe5 21. Nxe5 Rxe5 22. Rxb6 d4 23. Bf1 dxe3 24. fxe3 Bf3 25. Rb5 Qa7 26. Qc3
Qc7 27. Qa5 Qd6 28. Qa6 Bc6 29. Rb6 Re6 30. Qc8+ 1-0

[Event "4NCL Division 1c"]
[Site "Hinckley Island ENG"]
[Date "2014.05.03"]
[Round "9.141"]
[White "Conquest, Stuart C"]
[Black "Sanders, Isaac B"]
[Result "1-0"]
[WhiteElo "2494"]
[BlackElo "2276"]
[PlyCount "93"]
[EventDate "2014.05.03"]
[WhiteTeam "e2e4.org.uk 1"]
[BlackTeam "Barbican 4NCL 2"]

1. Nf3 Nf6 2. c4 e6 3. d4 b6 4. e3 Be7 5. Nbd2 d5 6. cxd5 exd5 7. Bb5+ c6 8.
Bd3 O-O 9. b3 Ba6 10. Bxa6 Nxa6 11. Bb2 Rc8 12. O-O Bd6 13. Qe2 Nb8 14. Rac1
Re8 15. Ne5 Nfd7 16. Nd3 Re6 17. g3 Qg5 18. b4 Rce8 19. Rfe1 Qf5 20. Nf3 Qh5
21. Nfe5 Qxe2 22. Rxe2 Bxe5 23. dxe5 f6 24. Nf4 Rxe5 25. Bxe5 fxe5 26. Nd3 e4
27. Ne1 Nf6 28. Rec2 Re6 29. h3 h6 30. Rc3 Kf7 31. Nc2 Nfd7 32. Nd4 Ne5 33.
Nxe6 Kxe6 34. Kg2 h5 35. b5 Nc4 36. Rxc4 dxc4 37. Rxc4 cxb5 38. Rxe4+ Kd6 39.
g4 h4 40. g5 a5 41. f4 b4 42. f5 Kd5 43. Rd4+ Ke5 44. f6 gxf6 45. g6 Nc6 46. g7
Ne7 47. Rd7 1-0

[Event "4NCL Division 1c"]
[Site "Hinckley Island ENG"]
[Date "2014.05.03"]
[Round "9.142"]
[White "Buchicchio, Giampaolo"]
[Black "Jackson, James P"]
[Result "0-1"]
[WhiteElo "2343"]
[BlackElo "2283"]
[PlyCount "64"]
[EventDate "2014.05.03"]
[WhiteTeam "Barbican 4NCL 2"]
[BlackTeam "e2e4.org.uk 1"]

1. e4 g6 2. d4 Bg7 3. Nc3 d6 4. Be3 a6 5. Qd2 b5 6. a4 b4 7. Nd1 a5 8. c3 bxc3
9. bxc3 c6 10. f3 Nd7 11. Nh3 Bb7 12. Be2 Qc8 13. Nhf2 Ba6 14. Nd3 Nb6 15. N1b2
Nc4 16. Nxc4 Bxc4 17. Kf2 Qa6 18. e5 Qc8 19. exd6 exd6 20. Bf4 Qd8 21. Nb2 Be6
22. d5 Bxd5 23. Rab1 Ne7 24. Rhd1 Ba2 25. Ra1 Bb3 26. Rdc1 O-O 27. Qxd6 Qb6+
28. Kf1 Nd5 29. Bg5 h6 30. Nc4 Bxc4 31. Bxc4 hxg5 32. Rab1 Ne3+ 0-1

[Event "4NCL Division 1c"]
[Site "Hinckley Island ENG"]
[Date "2014.05.03"]
[Round "9.143"]
[White "Fernandez, Daniel H"]
[Black "Morrison, Graham"]
[Result "1-0"]
[WhiteElo "2380"]
[BlackElo "2357"]
[PlyCount "111"]
[EventDate "2014.05.03"]
[WhiteTeam "e2e4.org.uk 1"]
[BlackTeam "Barbican 4NCL 2"]

1. d4 Nf6 2. Nf3 e6 3. c4 b6 4. g3 Bb7 5. Bg2 Be7 6. O-O O-O 7. Nc3 Ne4 8. Nxe4
Bxe4 9. b3 c5 10. Bb2 Bf6 11. Qd2 Nc6 12. dxc5 Bxb2 13. Qxb2 bxc5 14. Rfd1 a5
15. Rd2 Qe7 16. Ne5 Bxg2 17. Kxg2 Nxe5 18. Qxe5 Rfc8 19. Rad1 Ra7 20. Rd6 Qd8
21. h4 a4 22. bxa4 Rxa4 23. Rxd7 Qe8 24. Qb2 h6 25. Qb6 Kh7 26. Rd8 Rxd8 27.
Rxd8 Qe7 28. Qb8 h5 29. Rh8+ Kg6 30. Qb3 Rb4 31. Qf3 Qb7 32. e4 f5 33. a3 Rb2
34. exf5+ exf5 35. Qxb7 Rxb7 36. Rc8 Ra7 37. Kf3 Rxa3+ 38. Kf4 Ra2 39. f3 Ra3
40. Rc6+ Kh7 41. Rxc5 Rc3 42. Rc6 Kg8 43. Rc7 Kh7 44. c5 Kg6 45. c6 Kf6 46. Rc8
g6 47. Rc7 Ke6 48. Rc8 Kf6 49. c7 Rc4+ 50. Ke3 Kg7 51. Kd3 Rc1 52. Kd4 f4 53.
gxf4 Rd1+ 54. Ke3 Rc1 55. f5 gxf5 56. Kf4 1-0

[Event "4NCL Division 1c"]
[Site "Hinckley Island ENG"]
[Date "2014.05.03"]
[Round "9.144"]
[White "Dorrington, Chris J"]
[Black "Mladenov, Plamen"]
[Result "0-1"]
[WhiteElo "2333"]
[BlackElo "2373"]
[PlyCount "64"]
[EventDate "2014.05.03"]
[WhiteTeam "Barbican 4NCL 2"]
[BlackTeam "e2e4.org.uk 1"]

1. d4 e6 2. c4 b6 3. Nf3 Bb7 4. g3 f5 5. Bg2 Bb4+ 6. Bd2 Be7 7. O-O Nf6 8. d5
exd5 9. Nd4 g6 10. Nc3 Nc6 11. Bh6 dxc4 12. e4 Nxd4 13. Qxd4 c5 14. Qxc4 fxe4
15. Bg7 d5 16. Qa4+ Kf7 17. Bxh8 Qxh8 18. f3 e3 19. f4 Qc8 20. f5 gxf5 21. Qh4
d4 22. Bxb7 Qxb7 23. Rxf5 dxc3 24. Rxf6+ Bxf6 25. Qxh7+ Bg7 26. Rf1+ Ke6 27.
Qg6+ Kd5 28. Qf5+ Kc4 29. Qe6+ Kd3 30. Rd1+ Ke2 31. Rf1 c2 32. Qc4+ Kd2 0-1

[Event "4NCL Division 1c"]
[Site "Hinckley Island ENG"]
[Date "2014.05.03"]
[Round "9.145"]
[White "Sowray, Peter J"]
[Black "Twyble, Michael S"]
[Result "1-0"]
[WhiteElo "2331"]
[BlackElo "2268"]
[PlyCount "65"]
[EventDate "2014.05.03"]
[WhiteTeam "e2e4.org.uk 1"]
[BlackTeam "Barbican 4NCL 2"]

1. d4 Nf6 2. c4 c5 3. d5 e6 4. Nc3 exd5 5. cxd5 d6 6. e4 g6 7. Nge2 Bg7 8. Ng3
O-O 9. Be2 a6 10. a4 Re8 11. O-O Nbd7 12. f3 Rb8 13. Be3 h5 14. Nh1 Nh7 15. Qd2
f5 16. Nf2 Ne5 17. Rab1 Nf6 18. b4 cxb4 19. Rxb4 fxe4 20. Nfxe4 Bf5 21. Rfb1
Bxe4 22. Nxe4 Nxe4 23. Rxe4 Nf7 24. Re6 Rxe6 25. dxe6 Ne5 26. Ba7 Rc8 27. Rxb7
Qf6 28. Bxa6 Re8 29. f4 Nc6 30. Bb5 Qa1+ 31. Kf2 Bc3 32. Qd3 Qb2+ 33. Kf3 1-0

[Event "4NCL Division 1c"]
[Site "Hinckley Island ENG"]
[Date "2014.05.03"]
[Round "9.146"]
[White "Coleman, David J"]
[Black "Mladenov, Iliyan D"]
[Result "0-1"]
[WhiteElo "2246"]
[BlackElo "2242"]
[PlyCount "63"]
[EventDate "2014.05.03"]
[WhiteTeam "Barbican 4NCL 2"]
[BlackTeam "e2e4.org.uk 1"]

1. e4 e5 2. Nf3 d6 3. d4 Nd7 4. Nc3 c6 5. a4 a5 6. Bc4 Be7 7. O-O Ngf6 8. Re1
O-O 9. h3 Qc7 10. Be3 exd4 11. Nxd4 Nc5 12. Qf3 Re8 13. Rad1 Bf8 14. Bc1 Bd7
15. b3 Rad8 16. Bb2 Bc8 17. g4 Ncxe4 18. Nxe4 Nxe4 19. Rxe4 Rxe4 20. Qxe4 d5
21. Bxd5 Rxd5 22. Re1 h5 23. c4 Rd8 24. Nf5 hxg4 25. hxg4 b5 26. Be5 Qd7 27.
Bf4 bxa4 28. bxa4 c5 29. Bg5 f6 30. Bf4 g5 31. Bg3 Bb7 32. Qe3 0-1

[Event "4NCL Division 1c"]
[Site "Hinckley Island ENG"]
[Date "2014.05.03"]
[Round "9.147"]
[White "Koneski, Zoran"]
[Black "Sands, David A"]
[Result "1/2-1/2"]
[WhiteElo "2226"]
[BlackElo "2226"]
[PlyCount "58"]
[EventDate "2014.05.03"]
[WhiteTeam "e2e4.org.uk 1"]
[BlackTeam "Barbican 4NCL 2"]

1. e4 c5 2. Nc3 Nc6 3. f4 g6 4. Nf3 Bg7 5. g3 d6 6. Bg2 e6 7. d3 Nge7 8. O-O
O-O 9. Qe1 Bd7 10. Rb1 Nd4 11. Rf2 Nec6 12. Nxd4 Nxd4 13. Be3 Rc8 14. Qd2 b6
15. Ne2 Bc6 16. c3 Nxe2+ 17. Rxe2 d5 18. Bf2 dxe4 19. dxe4 Bb5 20. Qxd8 Rfxd8
21. Ree1 Rd7 22. Rbd1 Rcd8 23. Bf3 Bc6 24. Rxd7 Rxd7 25. Be3 f5 26. Kf2 fxe4
27. Bg2 Kf8 28. Bc1 e5 29. fxe5 Bxe5 1/2-1/2

[Event "4NCL Division 1c"]
[Site "Hinckley Island ENG"]
[Date "2014.05.03"]
[Round "9.148"]
[White "Wei, Naomi"]
[Black "Norinkeviciute, Rasa"]
[Result "1-0"]
[WhiteElo "1775"]
[BlackElo "2025"]
[PlyCount "109"]
[EventDate "2014.05.03"]
[WhiteTeam "Barbican 4NCL 2"]
[BlackTeam "e2e4.org.uk 1"]

1. d4 Nf6 2. c4 e6 3. Nc3 Bb4 4. e3 O-O 5. Nge2 d5 6. a3 Bd6 7. c5 Be7 8. b4 b6
9. Nf4 c6 10. Be2 Nbd7 11. Bb2 Qc7 12. Rc1 bxc5 13. bxc5 e5 14. Nd3 Rb8 15. Qc2
e4 16. Nf4 Re8 17. O-O Nf8 18. Rb1 g5 19. Nh5 Ng4 20. Ng3 Ng6 21. Qd1 Nh6 22.
f3 f5 23. fxe4 fxe4 24. Ncxe4 Rxb2 25. Rxb2 dxe4 26. Bc4+ Kh8 27. Bf7 Nxf7 28.
Rxf7 Be6 29. Rf1 Bc4 30. Re1 Bf6 31. Rb4 Ba6 32. Nf5 Bc8 33. Nd6 Rg8 34. Nxe4
Be7 35. Ng3 Rd8 36. Qc2 Rf8 37. Reb1 Nh4 38. Qb3 Nf5 39. Nxf5 Rxf5 40. Qc3 g4
41. Rb8 Rf8 42. d5+ Bf6 43. d6 Qg7 44. Qd2 g3 45. d7 gxh2+ 46. Kh1 Qg4 47.
dxc8=Q Rxc8 48. Qb4 Rxb8 49. Qxb8+ Kg7 50. Rb7+ Kh6 51. Qxh2+ Bh4 52. Qf4+ Qxf4
53. exf4 Bf2 54. Rxa7 Bxc5 55. Ra6 1-0

[Event "4NCL Division 1d"]
[Site "Hinckley Island ENG"]
[Date "2014.05.04"]
[Round "10.151"]
[White "Dearing, Edward J"]
[Black "Snuverink, Jochem"]
[Result "1/2-1/2"]
[WhiteElo "2416"]
[BlackElo "2338"]
[PlyCount "67"]
[EventDate "2014.05.04"]
[WhiteTeam "Cambridge University 1"]
[BlackTeam "Kings Head 1"]

1. d4 Nf6 2. c4 e6 3. Nc3 Bb4 4. Qc2 O-O 5. a3 Bxc3+ 6. Qxc3 d5 7. Nf3 dxc4 8.
Qxc4 b6 9. g3 Ba6 10. Qc2 Bb7 11. Bg2 Be4 12. Qc4 Bd5 13. Qc3 Nbd7 14. Bf4 c5
15. dxc5 Nxc5 16. Rd1 Rc8 17. O-O Na4 18. Qe5 Ng4 19. Qd4 Rc4 20. Qd2 Qc8 21.
Rc1 Nc5 22. Rxc4 Bxc4 23. Ne5 Rd8 24. Qc2 Nxe5 25. Bxe5 Bd5 26. f3 f6 27. Bf4
e5 28. Bd2 Bb3 29. Qc3 Qe6 30. Be3 Na4 31. Qc7 Qd7 32. Qxd7 Rxd7 33. Bh3 Rd6
34. Rc1 1/2-1/2

[Event "4NCL Division 1d"]
[Site "Hinckley Island ENG"]
[Date "2014.05.04"]
[Round "10.152"]
[White "McMichael, Richard J"]
[Black "Mah, Karl CC"]
[Result "0-1"]
[WhiteElo "2214"]
[BlackElo "2403"]
[PlyCount "96"]
[EventDate "2014.05.04"]
[WhiteTeam "Kings Head 1"]
[BlackTeam "Cambridge University 1"]

1. f4 g6 2. Nf3 d5 3. e3 Bg7 4. d4 Nh6 5. c3 O-O 6. Be2 Nd7 7. O-O c5 8. Na3 b6
9. Bd2 Bb7 10. Be1 Nf5 11. Nc2 Nf6 12. Bh4 Ne4 13. Qe1 f6 14. g4 Nfd6 15. Rd1
h6 16. Bd3 Qd7 17. h3 c4 18. Bxe4 Nxe4 19. Nd2 Nd6 20. Qe2 h5 21. Ne1 hxg4 22.
hxg4 Bc8 23. f5 gxf5 24. g5 fxg5 25. Bxg5 Ne4 26. Bf4 Qe8 27. Ng2 Qg6 28. Rf3
Qh5 29. Qf1 Rf6 30. Nxe4 fxe4 31. Rg3 Bg4 32. Rd2 Kf7 33. Ne1 Rh8 34. Rdg2 Rg6
35. Bg5+ Ke8 36. Rxg4 Rxg5 37. Qf4 Rxg4 38. Qxg4 Qxg4 39. Rxg4 Bf6 40. Ng2 Kf7
41. Nf4 e6 42. Kg2 b5 43. Rg3 a5 44. a3 b4 45. axb4 axb4 46. Rh3 Rxh3 47. Kxh3
b3 48. Kg4 Be7 0-1

[Event "4NCL Division 1d"]
[Site "Hinckley Island ENG"]
[Date "2014.05.04"]
[Round "10.153"]
[White "Camus de Solliers, Guillaume"]
[Black "Guthrie, David W"]
[Result "1-0"]
[WhiteElo "2351"]
[BlackElo "2227"]
[PlyCount "89"]
[EventDate "2014.05.04"]
[WhiteTeam "Cambridge University 1"]
[BlackTeam "Kings Head 1"]

1. d4 Nf6 2. c4 e6 3. Nf3 b6 4. g3 Bb7 5. Bg2 Be7 6. O-O O-O 7. d5 exd5 8. Nh4
c6 9. cxd5 Nxd5 10. Nf5 Na6 11. e4 Ndc7 12. Re1 Ne6 13. Nc3 d6 14. Qg4 g6 15.
Bh6 Re8 16. Rad1 Kh8 17. Nxd6 Bxd6 18. e5 Be7 19. Rxd8 Raxd8 20. Ne4 Nac5 21.
Nd6 Bxd6 22. exd6 Rxd6 23. Qf4 Rd7 24. Qf6+ Kg8 25. Bh3 Rde7 26. b4 Nd7 27. Qb2
f6 28. Qb3 Kf7 29. f4 f5 30. Bg5 Nf6 31. Bg2 Rd7 32. Qb2 Ng8 33. Qh8 Kf8 34.
Bh6+ Ke7 35. Qxh7+ Kd8 36. Qxg6 Rde7 37. Bg5 Nxg5 38. Qxg5 Kc7 39. Re5 Bc8 40.
h4 Be6 41. g4 fxg4 42. f5 Bd5 43. Rxe7+ Nxe7 44. f6 Bxg2 45. f7 1-0

[Event "4NCL Division 1d"]
[Site "Hinckley Island ENG"]
[Date "2014.05.04"]
[Round "10.154"]
[White "Kwiatkowski, Feliks J"]
[Black "Bisby, Daniel L"]
[Result "1/2-1/2"]
[WhiteElo "2223"]
[BlackElo "2310"]
[PlyCount "40"]
[EventDate "2014.05.04"]
[WhiteTeam "Kings Head 1"]
[BlackTeam "Cambridge University 1"]

1. e4 d6 2. d4 Nf6 3. Nc3 g6 4. f4 Bg7 5. Nf3 O-O 6. Bd3 Nc6 7. e5 dxe5 8. fxe5
Ng4 9. Be4 f6 10. Bxc6 bxc6 11. Qe2 fxe5 12. dxe5 Be6 13. h3 Rxf3 14. gxf3 Nxe5
15. f4 Bc4 16. Qe4 Bd5 17. Nxd5 cxd5 18. Qe2 Nc4 19. Qe6+ Kh8 20. O-O Qd6
1/2-1/2

[Event "4NCL Division 1d"]
[Site "Hinckley Island ENG"]
[Date "2014.05.04"]
[Round "10.155"]
[White "Eckersley-Waites, Adam"]
[Black "Haria, Ravi"]
[Result "1/2-1/2"]
[WhiteElo "2275"]
[BlackElo "2207"]
[PlyCount "140"]
[EventDate "2014.05.04"]
[WhiteTeam "Cambridge University 1"]
[BlackTeam "Kings Head 1"]

1. e4 e6 2. d4 d5 3. Nc3 Nc6 4. e5 Nge7 5. f4 Nf5 6. Nf3 Be7 7. Be2 b6 8. g4
Nh4 9. Nxh4 Bxh4+ 10. Kf1 f6 11. Be3 fxe5 12. fxe5 O-O+ 13. Kg2 Bb7 14. Bf3 Na5
15. b3 c5 16. Nb5 Be7 17. Re1 a6 18. Nd6 Bxd6 19. exd6 Qxd6 20. Bf2 Rf7 21. Bg3
Qd7 22. g5 Nc6 23. c3 Ne7 24. Qe2 cxd4 25. cxd4 Nf5 26. Qe5 Qe7 27. h4 Qb4 28.
Rad1 Rc8 29. Bg4 Rc2+ 30. Kg1 Bc8 31. Bf2 Qc3 32. Re2 Rxe2 33. Qxe2 Ng3 34. Qe3
Qxe3 35. Bxe3 Nf5 36. Rc1 Bb7 37. Bxf5 Rxf5 38. Rc7 Rf7 39. Rxf7 Kxf7 40. Bf4
Kg6 41. Be5 Kh5 42. Bxg7 Kxh4 43. Bf6 Kg3 44. Bd8 b5 45. Kf1 Kf3 46. Ke1 Ke3
47. Bb6 Bc6 48. Kd1 Kd3 49. b4 Be8 50. a3 Bg6 51. Bc5 Bf5 52. Bb6 Kc3 53. Kc1
e5 54. dxe5 d4 55. Bc5 d3 56. Be3 Kb3 57. Bd2 Kxa3 58. Kb1 Kb3 59. Kc1 Kc4 60.
Kb2 Kd4 61. Kc1 Kc4 62. Kb2 Kd4 63. Kb3 Be6+ 64. Kb2 Kc4 65. Ka3 Bc8 66. Be1
Kd4 67. Bd2 Ke4 68. Kb2 Kf3 69. Kb1 Ke2 70. Kc1 Bb7 1/2-1/2

[Event "4NCL Division 1d"]
[Site "Hinckley Island ENG"]
[Date "2014.05.04"]
[Round "10.156"]
[White "Mackenzie, Colin"]
[Black "Churm, Rohan M"]
[Result "0-1"]
[WhiteElo "2078"]
[BlackElo "2175"]
[PlyCount "122"]
[EventDate "2014.05.04"]
[WhiteTeam "Kings Head 1"]
[BlackTeam "Cambridge University 1"]

1. c4 c5 2. g3 g6 3. Bg2 Bg7 4. Nc3 Nc6 5. a3 d6 6. Rb1 a5 7. Nf3 e5 8. d3 Nge7
9. O-O O-O 10. Ne1 f5 11. Bg5 h6 12. Bxe7 Nxe7 13. Nd5 a4 14. b4 axb3 15. Rxb3
Ra7 16. Qb1 Nc6 17. Nc2 e4 18. Nb6 Be6 19. dxe4 Na5 20. Rd3 Nxc4 21. Nxc4 Bxc4
22. Re3 f4 23. gxf4 Rxf4 24. Rg3 Bxe2 25. Re1 Bh5 26. Qb3+ Kh8 27. Qe3 g5 28.
Rh3 Bg4 29. Rg3 Qf6 30. e5 dxe5 31. Qxc5 b6 32. Qc3 Be6 33. Rge3 Rf7 34. f3 Qg6
35. Qc6 Bf5 36. Nb4 Qxc6 37. Nxc6 Ra4 38. Nxe5 Bxe5 39. Rxe5 Rxa3 40. Rb5 Rf6
41. Re7 Ra1+ 42. Kf2 Rd1 43. Rb7 Rd2+ 44. Kg1 Rdd6 45. Re5 Rd7 46. Rb8+ Kg7 47.
Bf1 Kg6 48. h4 gxh4 49. Rg8+ Rg7 50. Rd8 Rc6 51. Kh2 Rc2+ 52. Be2 Kf6 53. Re3
h3 54. Rf8+ Kg6 55. Kg3 Kh7+ 56. Kf4 h2 57. Rxf5 h1=Q 58. Bd3 Qh4+ 59. Ke5 Rc5+
60. Kd6 Qd8+ 61. Ke6 Qe7# 0-1

[Event "4NCL Division 1d"]
[Site "Hinckley Island ENG"]
[Date "2014.05.04"]
[Round "10.157"]
[White "McClement, Andrew"]
[Black "Wittmann, Jochen"]
[Result "1-0"]
[WhiteElo "2188"]
[BlackElo "2119"]
[PlyCount "63"]
[EventDate "2014.05.04"]
[WhiteTeam "Cambridge University 1"]
[BlackTeam "Kings Head 1"]

1. e4 e5 2. Nf3 Nc6 3. Bb5 f5 4. Nc3 fxe4 5. Nxe4 d5 6. Nxe5 dxe4 7. Nxc6 Qd5
8. c4 Qd6 9. Nxa7+ Bd7 10. Bxd7+ Qxd7 11. Qh5+ Kd8 12. Qg5+ Nf6 13. Nb5 c6 14.
Nc3 Bb4 15. O-O Ra5 16. Qe3 Bc5 17. Qe2 Re8 18. b3 Bd4 19. Bb2 Rg5 20. Kh1 Rh5
21. Na4 b5 22. cxb5 cxb5 23. Bxd4 Qxd4 24. Nc3 b4 25. Na4 Rh4 26. g3 Rh5 27.
Rae1 Qd7 28. Qc4 Re6 29. Nc5 Rxc5 30. Qxc5 Rd6 31. Qxb4 e3 32. Qb8+ 1-0

[Event "4NCL Division 1d"]
[Site "Hinckley Island ENG"]
[Date "2014.05.04"]
[Round "10.158"]
[White "Zhu, Yao Yao"]
[Black "Chevannes, Sabrina L"]
[Result "0-1"]
[WhiteElo "1852"]
[BlackElo "2158"]
[PlyCount "48"]
[EventDate "2014.05.04"]
[WhiteTeam "Kings Head 1"]
[BlackTeam "Cambridge University 1"]

1. e4 c6 2. Ne2 d5 3. e5 c5 4. b4 cxb4 5. d4 e6 6. a3 Qa5 7. Bb2 Nc6 8. g3 Nge7
9. Bh3 Ng6 10. f4 Be7 11. O-O Qa6 12. Bc1 Bd7 13. Bb2 bxa3 14. Bxa3 Rc8 15. g4
Qb6 16. Kh1 h5 17. f5 Ngxe5 18. dxe5 hxg4 19. Bxe7 Rxh3 20. Bd6 Qe3 21. Ng3
exf5 22. Qd2 Qxg3 23. Ra3 Qh4 24. Rxh3 gxh3 0-1

[Event "4NCL Division 1d"]
[Site "Hinckley Island ENG"]
[Date "2014.05.04"]
[Round "10.161"]
[White "Purton, Ben J"]
[Black "Tan, Justin"]
[Result "1/2-1/2"]
[WhiteElo "2145"]
[BlackElo "2363"]
[PlyCount "87"]
[EventDate "2014.05.04"]
[WhiteTeam "Grantham Sharks 2"]
[BlackTeam "Oxford 1"]

1. e4 c5 2. Nf3 e6 3. c4 Nc6 4. Nc3 Nd4 5. Bd3 Ne7 6. Nxd4 cxd4 7. Ne2 Nc6 8.
O-O h5 9. f4 h4 10. a3 a5 11. b3 g5 12. Kh1 gxf4 13. Nxf4 Qg5 14. Be2 Rg8 15.
Bh5 Rg7 16. Rf2 d3 17. Bb2 Rh7 18. Bg4 Ne5 19. Bxe5 Qxe5 20. Nxd3 Qxe4 21. Qf3
Qxf3 22. Bxf3 Rb8 23. b4 Bg7 24. Rb1 axb4 25. axb4 Ra8 26. Nc5 Ra7 27. Ne4 Ke7
28. Ng5 Bd4 29. Re2 Rg7 30. Nh3 Ra3 31. Re4 Bf6 32. Nf4 Bg5 33. Nd5+ Kd8 34.
Nb6 f5 35. Re2 h3 36. d4 Bf4 37. d5 e5 38. Rf1 Rh7 39. g3 Be3 40. c5 e4 41.
Bxe4 fxe4 42. Nc4 Rg7 43. Rfe1 Bf2 44. Nxa3 1/2-1/2

[Event "4NCL Division 1d"]
[Site "Hinckley Island ENG"]
[Date "2014.05.04"]
[Round "10.162"]
[White "Zakarian, David"]
[Black "Batchelor, Peter J"]
[Result "1-0"]
[WhiteElo "2403"]
[BlackElo "2157"]
[PlyCount "109"]
[EventDate "2014.05.04"]
[WhiteTeam "Oxford 1"]
[BlackTeam "Grantham Sharks 2"]

1. d4 Nf6 2. Nf3 d5 3. c4 e6 4. Nc3 Be7 5. Bg5 O-O 6. Qc2 Nbd7 7. O-O-O c6 8.
e4 Nxe4 9. Bxe7 Qxe7 10. Nxe4 dxe4 11. Qxe4 c5 12. d5 e5 13. d6 Qe6 14. h4 f5
15. Qd5 Qxd5 16. Rxd5 Re8 17. h5 b6 18. Nh4 Bb7 19. Nxf5 Bxd5 20. cxd5 a6 21.
g4 b5 22. g5 c4 23. Bh3 Nc5 24. Ne7+ Kf8 25. Nc6 Rad8 26. d7 Nxd7 27. Bf5 Nc5
28. Nxd8 Rxd8 29. Bxh7 Rxd5 30. h6 gxh6 31. gxh6 Rd8 32. Kc2 Ne6 33. Rh5 Kf7
34. Be4 Nd4+ 35. Kc3 Kf6 36. h7 Rh8 37. Rh6+ Kg7 38. Rxa6 Rf8 39. Kb4 Rc8 40.
Rg6+ Kh8 41. Rg5 Re8 42. a3 Ne2 43. Kxb5 c3 44. Rg8+ Rxg8 45. hxg8=Q+ Kxg8 46.
Bd5+ Kf8 47. bxc3 Nxc3+ 48. Kc5 Ke7 49. f3 Kd7 50. Be4 Kc7 51. Bc2 Ne2 52. Kd5
Nd4 53. Be4 Nc6 54. Ke6 Na5 55. Bd5 1-0

[Event "4NCL Division 1d"]
[Site "Hinckley Island ENG"]
[Date "2014.05.04"]
[Round "10.163"]
[White "Murphy, Hugh W"]
[Black "Eckersley-Waites, Tom"]
[Result "0-1"]
[WhiteElo "2156"]
[BlackElo "2275"]
[PlyCount "80"]
[EventDate "2014.05.04"]
[WhiteTeam "Grantham Sharks 2"]
[BlackTeam "Oxford 1"]

1. e4 e5 2. Nf3 Nc6 3. Bb5 a6 4. Ba4 Nf6 5. O-O Be7 6. d3 b5 7. Bb3 O-O 8. a4
b4 9. Nbd2 d6 10. Nc4 Be6 11. a5 Rb8 12. h3 Qc8 13. Kh2 Nd7 14. Be3 Qb7 15.
Nfd2 Bf6 16. g3 Nd4 17. Bxd4 exd4 18. f4 Nc5 19. f5 Bd7 20. Nf3 d5 21. exd5
Nxb3 22. cxb3 Qxd5 23. g4 Rfe8 24. Qd2 h6 25. Rf2 Bc6 26. Qf4 Re7 27. h4 Rbe8
28. Raf1 Re2 29. Kg3 R2e3 30. g5 hxg5 31. hxg5 Be5 32. Ncxe5 R8xe5 33. Kg4 Rxf5
34. Qxc7 Bd7 35. Kh4 f6 36. Qc4 fxg5+ 37. Nxg5 Rh3+ 38. Nxh3 Rh5+ 39. Kg3 Rxh3+
40. Kf4 g5# 0-1